00194nam a22000977a 4500003000400000082001300004100002000017245002300037260002700060300000900087SGT a547bWAD aWADE, LEROY C.  aORGANIC CHEMISTRY  aINDIA bPEARSON c2020 a1572